000 00317nam a2200097Ia 4500
082 _aJ 616.8650651 HUNT
245 0 _aBut smoking makes me happy : the link between nicotine and depression
100 _a HUNTER, David Broomall, [c.2009]
_999577
942 _cBK
008 210817s9999 xx 000 0 und d
999 _c422991
_d422990